| 000 | 00518nam a22001697a 4500 | ||
|---|---|---|---|
| 003 | NUST | ||
| 038 | _aNusrat Nadeem | ||
| 082 | _a200 | ||
| 100 |
_aAkhtar, Rameez _996904 |
||
| 245 |
_aHybrid IC Based TR Module For X-band Applications / _cRameez Akhtar |
||
| 264 |
_aIslamabad : _bSEECS, NUST, _c2022. |
||
| 300 | _a60 p. ; | ||
| 650 |
_aMS-Electrical Engineering _923567 |
||
| 700 |
_aSupervisor: Dr. Hammad M. Cheema _996905 |
||
| 856 | _uhttp://10.250.8.41:8080/xmlui/handle/123456789/29669 | ||
| 942 |
_2ddc _cSC |
||
| 999 |
_c590916 _d590916 |
||